La ideología Alemana. Crítica de la novísima filosofía alemana en las personas de sus representantes Feuerbach, B. Bauer y Stirner, y del socialismo alemán en las de sus diferentes profetas.
Na minha lista:
| Autor principal: | |
|---|---|
| Outros Autores: | |
| Formato: | Desconhecido |
| Publicado em: |
Madrid, España:
Ediciones Akal,
2014.
|
| Edição: | 1.ª edición |
| Colecção: | Cuestiones de Antagonismo; Serie Clásicos.
|
| Assuntos: | |
| Tags: |
Adicionar Tag
Sem tags, seja o primeiro a adicionar uma tag!
|
MARC
| LEADER | 00000 a2200000 4500 | ||
|---|---|---|---|
| 003 | CL-VaPUC | ||
| 005 | 20240401104243.0 | ||
| 008 | 230110t2014 ||||| |||| 00| 0 eng d | ||
| 999 | |c 439422 |d 439420 | ||
| 020 | |a 978-84-460-3996-9 | ||
| 040 | |c Pontificia Universidad Católica de Valparaíso | ||
| 082 | |a 193 MAR 2014 | ||
| 100 | |a Marx, Karl Heinrich |9 863668 |e autor | ||
| 245 | |a La ideología Alemana. |b Crítica de la novísima filosofía alemana en las personas de sus representantes Feuerbach, B. Bauer y Stirner, y del socialismo alemán en las de sus diferentes profetas. | ||
| 250 | |a 1.ª edición | ||
| 260 | |a Madrid, España: |b Ediciones Akal, |c 2014. | ||
| 300 | |a 550 páginas. | ||
| 490 | |a Cuestiones de Antagonismo; |n 81. |a Serie Clásicos. | ||
| 583 | |k GC |c 20230110 | ||
| 600 | 0 | |a Feuerbach, Ludwig |9 318753 |d 1804-1872 |x Filosofía alemana | |
| 600 | 0 | |a Bauer, Bruno |9 340341 |d 1809-1882 |x Filosofía alemana | |
| 600 | 0 | |a Stirner, Max |9 340342 |q 1806-1856 |x Filosofía alemana | |
| 650 | 0 | |a Filosofía alemana |9 265002 |x Representantes | |
| 700 | |a Engels, Friedrich |9 326910 |e autor | ||
| 942 | |2 ddc |c BK | ||
| 952 | |0 0 |1 0 |2 ddc |4 0 |6 193_000000000000000_MAR_2014 |7 0 |8 A |9 588535 |a BIBGIM |b BIBGIM |c GEN |d 2023-01-06 |e 3 |g 28399.00 |i 5656311 |o 193 MAR 2014 |p 5656311 |r 2025-01-15 |t 1 |v 28399.00 |w 2023-01-06 |y BK |k SSL | ||
| 952 | |0 0 |1 0 |2 ddc |4 0 |6 193_000000000000000_MAR_2014 |7 0 |8 A |9 593887 |a BIBGIM |b BIBGIM |d 2024-04-01 |e 3 |g 24229.00 |i 5660536 |l 1 |o 193 MAR 2014 |p 5660536 |q 2025-07-31 |r 2025-03-17 |s 2025-03-17 |t 3 |v 24229.00 |w 2024-04-01 |y BK |k SSL | ||
| 952 | |0 0 |1 0 |2 ddc |4 0 |6 193_000000000000000_MAR_2014 |7 0 |8 A |9 593888 |a BIBGIM |b BIBGIM |d 2024-04-01 |e 3 |g 24229.00 |i 5660535 |o 193 MAR 2014 |p 5660535 |r 2025-01-15 |t 2 |v 24229.00 |w 2024-04-01 |y BK |k SSL | ||